|
|
|
|
| LEADER |
00906naa a2200205 i 4500 |
| 001 |
acta82613 |
| 005 |
20231211143932.0 |
| 008 |
231211s2023 hu o 1|| hun d |
| 040 |
|
|
|a SZTE Egyetemi Kiadványok Repozitórium
|b hun
|
| 041 |
|
|
|a hun
|
| 100 |
1 |
|
|a Kató Hargita
|
| 245 |
1 |
0 |
|a Elektromágneses stimuláció hatása a sportteljesítményre
|h [elektronikus dokumentum] :
|b [absztrakt] /
|c Kató Hargita
|
| 260 |
|
|
|c 2023
|
| 300 |
|
|
|a 67-68
|
| 490 |
0 |
|
|a Móra Kárpát-medencei Interdiszciplináris Szakkollégiumi Konferencia
|v 7
|
| 650 |
|
4 |
|a Orvos- és egészségtudomány
|
| 650 |
|
4 |
|a Általános orvostudomány
|
| 695 |
|
|
|a Elektromágneses stimuláció - hatása - előadáskivonat
|
| 711 |
|
|
|a VII. Móra Kárpát-medencei Interdiszciplináris Szakkollégiumi Konferencia
|c Szeged
|d 2023. november 17-19.
|
| 856 |
4 |
0 |
|u http://acta.bibl.u-szeged.hu/82613/1/morakonf_2023_067-068.pdf
|z Dokumentum-elérés
|